Loading...

Rathiyude saikathabhoovil/

Bibliographic Details
Main Author: Viju V Vair
Format: Printed Book
Published: Kozhikode: Mathrubhumi Books, 2017.
Edition:2nd.
Subjects:
Sex
LEADER 00638nam a22001937a 4500
020 |a 9788182671430 
082 |a M 306.7  |b VIJ/R 
100 |a Viju V Vair  |9 29657 
245 |a Rathiyude saikathabhoovil/  |c by Viju V Nair. 
250 |a 2nd. 
260 |a Kozhikode:  |b Mathrubhumi Books,  |c 2017. 
300 |a 222p. 
650 |a Sex  |9 29658 
650 |a Sexual Relations  |9 29659 
650 |a Sexual Orientation  |9 29660 
650 |a Sociology  |9 29661 
942 |c BK 
999 |c 69523  |d 69523 
952 |0 0  |1 0  |4 0  |6 M_306_700000000000000_VIJ_R  |7 0  |9 89998  |a SSUS  |b SSUS  |c STACKS  |d 2018-01-08  |g 210.00  |l 1  |o M 306.7 VIJ/R  |p 086839  |r 2018-05-28  |s 2018-05-15  |w 2018-01-08  |y BK